Largest Cities In Denmark By Population - Statistics

General Stats
  • This quiz has been taken 39 times
  • The average score is 5 of 10
Answer Stats
pop city % Correct
1.18mill Copenhagen
100%
242914 Aarhus
97%
166305 Odense
92%
102312 Aalborg
86%
57087 Kolding
41%
60227 Randers
41%
96718 Frederiksberg
16%
71459 Esjberg
3%
64102 Gladsaxe
3%
71052 Getofte
0%
No matching quizzes found
Score Distribution
Percent of People with Each Score
Percentile by Number Answered
Your Score History
You have not taken this quiz